<?xml version="1.0" encoding="UTF-8"?>
<record
    xmlns:xsi="http://www.w3.org/2001/XMLSchema-instance"
    xsi:schemaLocation="http://www.loc.gov/MARC21/slim http://www.loc.gov/standards/marcxml/schema/MARC21slim.xsd"
    xmlns="http://www.loc.gov/MARC21/slim">

  <leader>00469nam a2200181   4500</leader>
  <controlfield tag="003">SEACOMEC</controlfield>
  <controlfield tag="005">20231101100150.0</controlfield>
  <controlfield tag="008">231101b        |||||||| |||| 00| 0 eng d</controlfield>
  <datafield tag="020" ind1="1" ind2=" ">
    <subfield code="c"> Rs.325.00</subfield>
  </datafield>
  <datafield tag="040" ind1=" " ind2=" ">
    <subfield code="a">SEACOMEC</subfield>
  </datafield>
  <datafield tag="082" ind1="1" ind2=" ">
    <subfield code="a">547</subfield>
    <subfield code="b">B219</subfield>
  </datafield>
  <datafield tag="100" ind1="1" ind2=" ">
    <subfield code="a">Bansal , Raj K.</subfield>
  </datafield>
  <datafield tag="245" ind1="1" ind2="4">
    <subfield code="a">(A) textbook of organic chemistry </subfield>
    <subfield code="c">Raj K. bansal</subfield>
  </datafield>
  <datafield tag="250" ind1="1" ind2=" ">
    <subfield code="a">4 th ed.</subfield>
  </datafield>
  <datafield tag="260" ind1="1" ind2=" ">
    <subfield code="a">New Delhi</subfield>
    <subfield code="b">New Age</subfield>
    <subfield code="c">2003</subfield>
  </datafield>
  <datafield tag="650" ind1="1" ind2=" ">
    <subfield code="a">Natural sciences, Organic chemistry</subfield>
  </datafield>
  <datafield tag="942" ind1=" " ind2=" ">
    <subfield code="c">BOOK</subfield>
  </datafield>
  <datafield tag="952" ind1=" " ind2=" ">
    <subfield code="0">0</subfield>
    <subfield code="1">0</subfield>
    <subfield code="2">ddc</subfield>
    <subfield code="4">0</subfield>
    <subfield code="7">0</subfield>
    <subfield code="a">SEACOMEC</subfield>
    <subfield code="b">SEACOMEC</subfield>
    <subfield code="d">2006-06-01</subfield>
    <subfield code="l">0</subfield>
    <subfield code="o">547 B219</subfield>
    <subfield code="p">00237</subfield>
    <subfield code="r">2023-11-01 10:03:19</subfield>
    <subfield code="t">5</subfield>
    <subfield code="w">2023-11-01</subfield>
    <subfield code="y">BOOK</subfield>
  </datafield>
  <datafield tag="952" ind1=" " ind2=" ">
    <subfield code="0">0</subfield>
    <subfield code="1">0</subfield>
    <subfield code="2">ddc</subfield>
    <subfield code="4">0</subfield>
    <subfield code="7">0</subfield>
    <subfield code="a">SEACOMEC</subfield>
    <subfield code="b">SEACOMEC</subfield>
    <subfield code="d">2006-06-01</subfield>
    <subfield code="l">0</subfield>
    <subfield code="o">547 B219</subfield>
    <subfield code="p">00238</subfield>
    <subfield code="r">2023-11-01 10:03:19</subfield>
    <subfield code="t">6</subfield>
    <subfield code="w">2023-11-01</subfield>
    <subfield code="y">BOOK</subfield>
  </datafield>
  <datafield tag="952" ind1=" " ind2=" ">
    <subfield code="0">0</subfield>
    <subfield code="1">0</subfield>
    <subfield code="2">ddc</subfield>
    <subfield code="4">0</subfield>
    <subfield code="7">0</subfield>
    <subfield code="a">SEACOMEC</subfield>
    <subfield code="b">SEACOMEC</subfield>
    <subfield code="d">2006-06-01</subfield>
    <subfield code="l">0</subfield>
    <subfield code="o">547 B219</subfield>
    <subfield code="p">00239</subfield>
    <subfield code="r">2023-11-01 10:03:19</subfield>
    <subfield code="t">7</subfield>
    <subfield code="w">2023-11-01</subfield>
    <subfield code="y">BOOK</subfield>
  </datafield>
  <datafield tag="952" ind1=" " ind2=" ">
    <subfield code="0">0</subfield>
    <subfield code="1">0</subfield>
    <subfield code="2">ddc</subfield>
    <subfield code="4">0</subfield>
    <subfield code="7">0</subfield>
    <subfield code="a">SEACOMEC</subfield>
    <subfield code="b">SEACOMEC</subfield>
    <subfield code="d">2006-06-01</subfield>
    <subfield code="l">0</subfield>
    <subfield code="o">547 B219</subfield>
    <subfield code="p">00240</subfield>
    <subfield code="r">2023-11-01 10:03:19</subfield>
    <subfield code="t">8</subfield>
    <subfield code="w">2023-11-01</subfield>
    <subfield code="y">BOOK</subfield>
  </datafield>
  <datafield tag="952" ind1=" " ind2=" ">
    <subfield code="0">0</subfield>
    <subfield code="1">0</subfield>
    <subfield code="2">ddc</subfield>
    <subfield code="4">0</subfield>
    <subfield code="7">0</subfield>
    <subfield code="a">SEACOMEC</subfield>
    <subfield code="b">SEACOMEC</subfield>
    <subfield code="d">2006-06-01</subfield>
    <subfield code="l">0</subfield>
    <subfield code="o">547 B219</subfield>
    <subfield code="p">00241</subfield>
    <subfield code="r">2023-11-01 10:03:19</subfield>
    <subfield code="t">9</subfield>
    <subfield code="w">2023-11-01</subfield>
    <subfield code="y">BOOK</subfield>
  </datafield>
  <datafield tag="999" ind1=" " ind2=" ">
    <subfield code="c">263</subfield>
    <subfield code="d">263</subfield>
  </datafield>
</record>
